Quizzes
Events
Quiz Creation
Community
Videos
Private Events
Remove Ads
Sign In
Join for FREE
Feedback
Dark Mode
Quiz Categories
Sports
Geography
Music
Movies
Television
Just For Fun
Miscellaneous
History
Literature
Language
Science
Gaming
Entertainment
Religion
Holiday
For Kids
Quiz Lab
Recent
Popular Today
Quiz Kudos Today
Editor Picks
Curator Picks
Quizzes by...
Day
Popularity
Type
Ratings
Length
Year
Community
Subscriptions
Recent Discussions
Orange Saloon
Badges
Playlists
Quests
Create
Leaderboards
Showdown
Live 5
Trivia Bingo
Activity
Puzzle Library
Sporcle Events
Private Events
Virtual Trivia
Globe League
Become a Host
Pub Owners
SporcleCon
Opinionation
Our Games
Videos
Blog
Mobile Apps
Partnerships
Remove Ads and Go Orange
Feedback
History
US Presidents
World Leaders
Politics
Nation
Discovery
War
Decade
Year
Century
Biography
Art
History
US Presidents
World Leaders
Politics
Nation
Discovery
War
Decade
Year
Century
Biography
Art
Random Quiz
Search Sporcle
×
Quiz Lab
Quiz Lab
History
1000
Type in answers that appear in a list
Type in answers that appear in a list
Classic
Best Score? Go Orange.
Name the Reigning Kings and Queens since 1066 A.D Stats
Can you name the Name the Reigning Kings and Queens since 1000 A.D?
By
jzcl
10m
51 Questions
98 Plays
98 Plays
98 Plays
Comments
Comments
Give Quiz Kudos
Give Quiz Kudos
-
- Ratings
hide this ad
More Info
Forced Order
Answers have to be entered in order
Answers have to be entered in order
Replay
Link that replays current quiz
Next Quiz
Link to next quiz in quiz playlist
You Got
0%
They Got
Avg Score
76%
Avg Friend Score
Upgrade to see
Score Distribution
Jump to the score distribution portion of the page
Score
0/51
Timer
10:00
0
Plays Today
Years ruled
King/Queen Name
% Correct
1066-
1087
William the first
90.8%
1087-
1100
William the second
86.7%
1100-
1135
Henry the first
84.7%
1135-
1154
Stephen
82.7%
1558-
1603
Elizabeth the first
82.7%
1154-
1189
Henry the second
81.6%
1485-
1509
Henry the seventh
81.6%
1509-
1547
Henry the eighth
81.6%
1553-
1558
Mary the first
81.6%
1603-
1625
James the first
81.6%
1189-
1199
Richard the first
80.6%
1272-
1307
Edward the first
80.6%
1307-
1327
Edward the second
80.6%
1837-
1901
Victoria
80.6%
1413-
1422
Henry the fifth
79.6%
1422-
1461
Henry the sixth
79.6%
THIS HOUSE (1485-
1603) WAS CALLED THE HOUSE OF
Tudor
79.6%
1714-
1727
George the first
79.6%
1760-
1820
George the third
79.6%
1820-
1830
George the fourth
79.6%
1199-
1216
John
78.6%
1327-
1377
Edward the third
78.6%
1377-
1399
Richard the second
78.6%
1399-
1413
Henry the fourth
78.6%
1547-
1553
Edward the sixth
78.6%
1625-
1649
Charles the first
78.6%
Years ruled
King/Queen Name
% Correct
1660-
1685
Charles the second
78.6%
1685-
1688
James the second
78.6%
1727-
1760
George the second
78.6%
1901-
1910
Edward the seventh
78.6%
1216-
1272
Henry the Third
77.6%
1910-
1936
George the fifth
77.6%
1461-
1483
Edward the fourth
76.5%
1936
Edward the eighth
76.5%
1936-
1952
George the sixth
76.5%
To present
Elizabeth the second
76.5%
THIS HOUSE (1936-
PRESENT) IS CALLED THE HOUSE OF
Windsor
76.5%
1553
Lady Jane Grey
75.5%
1830-
1837
William the fourth
75.5%
1483
Edward the fifth
74.5%
1483-
1485
Richard the third
74.5%
THIS HOUSE (1066-
1154) WAS CALLED THE HOUSE OF
Normandy
73.5%
THIS HOUSE (1603-
1714) WAS CALLED THE HOUSE OF
Stuart
72.4%
1702-
1714
Anne
71.4%
THIS HOUSE (1461-
1485) WAS CALLED THE HOUSE OF
York
70.4%
1688-
1702
William the third
70.4%
1688-
1694
Mary the second
64.3%
THIS HOUSE (1399-
1461) WAS CALLED THE HOUSE OF
Lancaster
63.3%
THIS HOUSE (1714-
1901) WAS CALLED THE HOUSE OF
Hanover
63.3%
THIS HOUSE (1154-
1399) WAS CALLED THE HOUSE OF
Plantagenet
62.2%
THIS HOUSE (1901-
1917) WAS CALLED THE HOUSE OF
Saxe-Coburg
55.1%
Quiz Playlist
Details
Report
Send in Message
Add To Playlist
More Info:
IMPORTANT - IF YOU WANTED, FOR EXAMPLE, EDWARD THE FOURTH, YOU WOULD WRITE, 'EDWARD 4' OR 'EDWARD THE FOURTH'. NOTHING ELSE IS ACCEPTED.
Classic:
Type in answers that appear in a list
Forced Order:
Answers have to be entered in order
Last Updated: Feb 16, 2017
Quiz Scoreboard
CHALLENGE
Sign Up to Join the Scoreboard
Show All
Scores
Hide
Comments
May contain spoilers
Recently Published
Billboard Blitz: Fleetwood Mac
by CooCooCachoo
Music
15s
Presidents Visiting Landmarks
by Hejman
History
7m
An Introduction to Baseball
by treessimontrees
Sports
5m
More to Explore
Quiz From the Vault
Featured Blog Post
Where Did the Easter Bunny Come From?
hide this ad
You Might Also Like...
Tags
1000
1066
King
Queen
Reigning
Ruled
Today's Top Quizzes in History
Browse History
hide this ad
Today's Top Quizzes in 1000
Browse 1000
Top Contributed Quizzes in History
1
Popular People in 1991
2
Popular People in 1981
3
Popular People in 1951
4
Popular People in 1941
5
Popular People in 1986
6
Popular People in 1976
7
Popular People in 1921
8
I Am Born On March 28th
9
5-to-1: 20th Century Images of War
10
Popular People in 1946
Explore More
Trending Topics
Crossword
Anime
Kpop
Harry Potter
NBA
Marvel
Disney
WWE
Country
The Office
NFL
Puzzle
Song
Pokémon
Soccer
hide this ad
More By:
jzcl
Quiz
Plays
Rating
Category
Featured
Created
Spells in Harry Potter
167
4.00
Literature
May 29, 2011
Harry Potter Quiz
144
4.00
Literature
May 12, 2011
Harry potter experts quiz
112
2.33
Literature
May 24, 2011
Name the Reigning Kings and Queens since 1066 A.D
98
2.50
History
May 14, 2011
magical academies from Harry Potter
38
Literature
May 12, 2011
Go to Creator's Profile
Score Distribution
Quiz Creator Spotlight
jzcl
Follow
Send a Message
Quizzes Created
-
Created Quiz Play Count
-
More By This Creator
Popular Quizzes Today
1
Find the US States - No Outlines Minefield
2
Find the Countries of Europe - No Outlines Minefield
3
The Countries of the World
4
Find the US States
5
Popular People in 1961
6
US States
7
Risky Map Clicking: Biggest States A-Z
8
Movies - When Are They Set?
More History Quizzes
US Presidents by Letter
Published
Trending Quizzes
Risky Map Clicking: Least Populous States A-Z
1-10 Letter G Words
1-10 Letter F Words
Risky Map Clicking: Next State Alphabetically
Risky Map Clicking: Biggest States A-Z
Recently Updated
Leaping Animals
pecheneg
Reality TV Shows (A-Z)
bhenderson79
Rickey Henderson's Hall of Fame Teammates
pecheneg
Champions League XIs: Arsenal
pecheneg
Quick Pick: Celebrities in WWE's Hall of Fame
aduchscher
A-Z Keypad Blitz II
pecheneg
Multiple Oscar Actors
pecheneg
Mystery Phrase Blitz: Oscar 'Best Actors'
pecheneg
F. Scott Fitzgerald Novels
LTH
Pick 3 Villains
ddd62291
Trending Topics
Anime
Disney
Harry Potter
Crossword
Kpop
Marvel
NBA
Puzzle
Pokémon
The Office
WWE
Country
NFL
Song
Soccer
Your Account Isn't Verified!
In order to create a playlist on Sporcle, you need to verify the email address you used during registration. Go to your
Sporcle Settings
to finish the process.
Report this User
Report this user for behavior that violates our
Community Guidelines
.
Details:
Send Report
Go to the Sporcle.com Mobile Site →
Comments